00585nam a22001697a 4500020001800000040000900018082001300027100003000040110003000070245005300100250001700153260005100170650006100221942001200282999001900294952010200313 a9788178089904 cNust a670bKAL aSerope Kalpakijan9124926 aSteven R. Schmid9123988 aManufacturing process for engineering materials  a4th edition  aNew Delhi:bPearson education services,c2003. aManufacturing process for engineering materials 9125000 2ddccBK c610764d610764 00102ddc4070aCEMEbCEMEcGENd2024-08-05l0o670 KALpCEME- 39294r2024-08-05w2024-08-05yBK